|
|
|
|
| LEADER |
00000nab a2200000 a 4500 |
| 001 |
vtls000648481 |
| 003 |
SK-MaSNL |
| 005 |
20260304024454.0 |
| 008 |
180405c1998 xo 0 slo |
| 015 |
|
|
|a SNBRA1998/01-01260
|
| 035 |
|
|
|a CLN000000677
|
| 040 |
|
|
|a SNKBUCL
|b slo
|c SNKBUCL
|e AACR2
|
| 041 |
0 |
|
|a slo
|
| 044 |
|
|
|a xo
|c SK
|
| 080 |
|
|
|a 940.53(=924)
|2 UDC-MRF-SK2
|
| 080 |
|
|
|a 943.76(=924)
|2 UDC-MRF-SK2
|
| 100 |
1 |
|
|a Kohútková, Zuzana
|4 ain
|9 847657
|
| 245 |
1 |
0 |
|a Zatiaľ som skeptický
|b výkonný predseda ÚZ ŽNO František Alexander pre Pravdu
|c [zhovárala sa] Zuzana Kohútková
|
| 300 |
|
|
|b Fotogr.
|
| 650 |
0 |
7 |
|a druhá svetová vojna (1939-1945)
|2 snkbucl
|9 169657
|
| 650 |
0 |
7 |
|a holokaust (1939-1945)
|2 snkbucl
|9 160313
|
| 650 |
0 |
7 |
|a Židia
|x holokaust, 1939-1945
|x odškodnenie
|2 snkbucl
|9 13306
|
| 655 |
|
7 |
|a články z novín a časopisov
|2 snkbucl
|2 snkbucl
|9 267496
|
| 700 |
1 |
|
|a Alexander, František
|4 aut
|4 uin
|9 913764
|
| 773 |
0 |
|
|t Pravda
|g Roč. 8, č. 16 (21.1.1998), s. 1 a 4
|
| 850 |
|
|
|a Slovenská národná knižnica v Martine
|
| 852 |
|
|
|a SNK
|b KIS3GCP
|
| 958 |
|
|
|a RBX
|x rozpis článkov z periodík
|
| 999 |
|
|
|c 2622011
|d 2623941
|